00849nam a2200253 4500001000800000005001700008007000400025008000400029010001700033020001500050020002200065040001900087050002000106082001400126100002800140245008100168260006400249300003500313500002000348504003200368650003500400856008600435856007400521291156620150512091108.0000000 a 88031177  a052132517X a0521310423 (pbk.) aUOELcDLCdDLC00aQA184b.H3 198900a512.52191 aHamilton, A. G.,d1943-10aLinear algebra :ban introduction with concurrent examples /cA.G. Hamilton. aCambridge ;aNew York :bCambridge University Press,c1989. aviii, 328 p. :bill. ;c24 cm. aIncludes index. aBibliography: p. [325]-326. 0aAlgebras, Linear.xMathematics423Publisher descriptionuhttp://www.loc.gov/catdir/description/cam023/88031177.html413Table of contentsuhttp://www.loc.gov/catdir/toc/cam027/88031177.html